Instrucciones provisionales sobre la forma de como hacer un levantamiento de conservación del suelo

Tallennettuna:
Bibliografiset tiedot
Päätekijä: Patiño, Lorenzo R. (autor)
Aineistotyyppi: Kirja
Kieli:espanja
Julkaistu: Ciudad de México Dirección de Agrología, Departamento de Conservación del Suelo 1943
Aiheet:
Tagit: Lisää tagi
Ei tageja, Lisää ensimmäinen tagi!

MARC

LEADER 00000nam a2200000 a 4500
001 UCV7253
003 CL-VaPUC
008 900905e19430000MX |||||||||||||||||spa|d
082 0 4 |a 631.4  |b PAT  |2 21 
100 |a Patiño, Lorenzo R.  |e autor  |9 301299 
245 1 0 |a Instrucciones provisionales sobre la forma de como hacer un levantamiento de conservación del suelo 
300 |a 36 p 
942 |c BK 
945 |d 19900905 00:00:00 
260 |a Ciudad de México  |b Dirección de Agrología, Departamento de Conservación del Suelo  |c 1943 
650 7 |a CONSERVACION DE SUELOS  |2 CL-VaPUC  |9 264335 
650 0 |a Erosión de suelos   |9 264330 
583 |a last modification  |c 19900905 00:00:00  |k Rodrigo Vera 
999 |c 212958  |d 212956